| 000 | 01359nam0a22002891 4500 | ||
|---|---|---|---|
| 001 | v19\rc\2018901 | ||
| 005 | 20260408133259.0 | ||
| 035 | _a(NLR Aleph) 005099551 | ||
| 090 |
_a7378240 _c7378240 |
||
| 100 | _a20260412 rusy50 | ||
| 101 | 0 | _arus | |
| 102 | _aRU | ||
| 105 | _ay z ||||| | ||
| 200 | 1 |
_aНовая идея хлебной мобилизации _e(По поводу статьи г. Агринского) _f[А. Фролов] |
|
| 210 |
_a[Саратов] _cтип. Саратовского отд-ния Техн. о-ва _dценз. 1903 |
||
| 215 | _a[2] с. | ||
| 300 | _aАвт. указан в конце текста | ||
| 311 | _aИзвлеч. из Вестника Саратовского отд-ния Техн. общ. (1903 г.) | ||
| 488 | 0 |
_12001#$aВестник Саратовского отделения Технического общества$v1903 _tВестник Саратовского отделения Технического общества |
|
| 700 | 1 |
_7ca _8rus _aФролов _bА. Н. _cинж.-железнодорожник _f1863-1939 _gАлександр Николаевич _9126422 _3RU\NLR\AUTH\7716788 |
|
| 702 | 1 |
_aАгринский _4570 |
|
| 801 | 0 |
_aRU _bNLR _gpsbo |
|
| 801 | 1 |
_aRU _bProSoft-M _2rusmarc |
|
| 852 |
_aNLR _j34.53.3.652 |
||
| 942 | _cBOOK | ||
| 980 | _aNB | ||